[Event "Anderssen Memorial Open-A 2020"]
[Site "Wroclaw"]
[Date "2020.08.02"]
[Round "2.13"]
[White "Skurniak, Szymon"]
[Black "Peglau, Mirjam"]
[Result "1/2-1/2"]
[WhiteElo "2036"]
[BlackElo "1851"]
[Annotator "TA"]
[PlyCount "95"]
[EventDate "2020.08.01"]
[EventType "swiss"]
[EventCountry "POL"]
[SourceTitle "playchess.com"]
[Source "ChessBase"]
[SourceQuality "1"]

{[%evp 9,95,16,23,18,61,-69,-70,-57,-51,-71,-66,-98,-18,-42,-38,-88,-85,-102,-82,-80,-77,-117,-97,-155,-58,-156,-155,-173,-180,-204,-203,-187,-126,-125,-93,-254,-245,-288,-146,-260,-118,-246,-44,-60,-25,-131,-143,-135,-21,-66,-36,-79,-67,-71,-40,-47,-39,-60,-31,-147,-140,-176,-178,-187,-42,-43,-56,-314,-240,-239,-126,-206,-52,-177,0,0,106,85,135,0,8,0,37,0,0,0,0,0]} 1. e4 c6 2. Nc3 d5 3. Nf3 Nf6 4. e5 Ne4 5. Ne2 Qb6 {[%csl Ge4][%cal Rb6f2]} 6. d4 {B11: Caro-Kann: Two Knights Variation.} f6 7. Nfg1 (7. c3 $14) 7... fxe5 $1 $15 8. f3 {Black is slightly better.} Nd6 9. dxe5 Nc4 10. f4 {[#]} e6 $146 (10... Nxb2 $17 11. Qd4 Nc4 12. Qxb6 axb6) ({Predecessor:} 10... Nxb2 11. Bxb2 Qxb2 12. Nd4 e6 13. Ngf3 Na6 14. Bxa6 Qc3+ 15. Ke2 bxa6 16. Qd3 Qxd3+ 17. cxd3 {½-½ (61) Stillger,B (2315)-Lauber,A (2360) Budapest 1997}) 11. Nc3 Ne3 $36 {[%mdl 2048] Black has some pressure.} 12. Qd3 Nxf1 13. Kxf1 Na6 14. Nf3 Bd7 15. a3 c5 16. Ng5 (16. b3 $142) 16... c4 (16... d4 $17 17. Ne2 Be7) 17. Qh3 (17. Qd1 $15) 17... Be7 $1 $17 18. Qh5+ g6 19. Qg4 Bxg5 20. Qxg5 O-O (20... Rf8 $19 21. h4 Bc6) 21. h4 Rf5 22. Qg4 $2 (22. Qg3 $17) 22... Raf8 $19 23. h5 Be8 ({Better is} 23... g5 $1 $19 {[%cal Rf5f4]} 24. g3 Rxe5) 24. Ke1 {[#]} (24. hxg6 $17 Bxg6 25. Rh6) 24... Nc7 (24... g5 $1 $19 {[%mdl 512] has better winning chances.} 25. g3 (25. fxg5 Nc5) 25... Nc5) 25. a4 (25. hxg6 $17 Bxg6 26. Qg3) 25... Qd4 $2 ({Black should play} 25... d4 $19 26. Ne4 d3 27. hxg6 Bxg6) 26. Qg3 Qc5 27. b4 (27. hxg6 $11 {keeps the balance.} Bxg6 28. Ne2) 27... cxb3 $1 $17 28. cxb3 Qd4 (28... d4 29. Ne4 $17) (28... Na6 $17 29. Bd2 Rxh5 $1 {[%mdl 576] Deflection} 30. Rxh5 Qg1+ 31. Ke2 Qxa1) 29. Ra2 Na6 {[%cal Bc7a6,Ba6b4,Bb4c2][%mdl 32] Threatens to win with ...Nb4.} 30. Ba3 Nb4 $1 {[%cal Rb4a2]} (30... Rxf4 31. Bxf8 Rxf8 32. Rd2 $11) 31. Rd2 $1 {[%cal Rd2d4]} Qc5 32. Ne2 Nc2+ {[%mdl 64] Discovered Attack} 33. Rxc2 $1 Qxc2 34. Bxf8 ({White has to play} 34. Rh3 $1 $15) 34... Qb1+ {[%mdl 64] Zwischenzug} ({Much weaker is} 34... Rxf8 $6 35. Rh3 $11) 35. Kd2 Qxh1 36. Bd6 Qxh5 ({Don't play} 36... Qb1 37. Qc3 $17) (36... Qa1 $1 $19 {[%cal Ra1b2] And now ...Qb2+ would win.} 37. hxg6 Qb2+ 38. Ke1 Bxg6) 37. Nd4 $15 Rf7 38. Qe3 $2 {[%mdl 8192]} (38. Nxe6 $15 Rd7 39. Nd4) 38... Qg4 39. g3 Qh3 ({Black should try} 39... Bd7 $19 {...h5 is the strong threat.} 40. Bb8 a6) 40. Ne2 (40. f5 $17) 40... b5 $2 (40... Bc6 $19 {Hoping for ...Qg2.} 41. Qxa7 d4 $1 {[%mdl 512]} 42. Qxd4 Bf3) 41. Qc5 $1 {[%cal Rc5c8] [#] aiming for Qc8.} bxa4 $2 (41... Kg7 $1 $19 42. axb5 Qg2) 42. Qc8 $11 Rf8 (42... axb3 $11 43. Qxe8+ Kg7) 43. Bxf8 $16 Kxf8 44. Qc5+ (44. bxa4 $16 {Black must now prevent Qc5+.} g5 45. Qc5+ {[%mdl 64] Double Attack} (45. fxg5 Qf5 $11) 45... Kg8 46. Qxa7 gxf4 47. Qb8) 44... Kg8 $11 45. Qe7 Bf7 46. Qd8+ {[%mdl 1024] White has compensation.} Kg7 47. Qf6+ Kg8 48. Qd8+ {Accuracy: White = 43%, Black = 46%.} 1/2-1/2

[Event "Anderssen Memorial Open-A 2020"]
[Site "Wroclaw"]
[Date "2020.08.02"]
[Round "2.14"]
[White "Bojczewski, Mateusz"]
[Black "Szczesniak, Konrad"]
[Result "1-0"]
[WhiteElo "1886"]
[BlackElo "2033"]
[Annotator "TA"]
[PlyCount "154"]
[EventDate "2020.08.01"]
[EventType "swiss"]
[EventCountry "POL"]
[SourceTitle "playchess.com"]
[Source "ChessBase"]
[SourceQuality "1"]

{[%evp 15,154,28,26,-8,4,-33,-38,-59,-66,-109,-114,-182,-57,-66,-41,-64,-50,-55,-49,-87,-80,-95,-51,-52,-41,-44,-51,-61,-49,-85,-85,-77,-79,-83,-95,-96,-41,-36,-56,-35,-41,-31,-16,-16,-16,-15,-16,-379,0,0,0,0,0,0,0,-98,-45,-45,0,0,0,0,0,0,0,0,0,0,0,0,0,0,0,-82,0,0,0,0,0,0,0,0,0,0,0,-84,-84,-63,0,0,0,0,-21,-150,0,-12840,-12840,-12843,-12843,-12844,-12844,-12845,-12844,-12845,-12845,-12845,0,0,0,0,0,0,0,0,0,0,0,0,0,0,0,0,0,0,0,0,0,0,0,0,0,0,0,0,0,0,0,0,0,-27991,-27999]} 1. e4 c5 2. Nf3 Nc6 3. d4 cxd4 4. Nxd4 e5 5. Nb5 d6 6. N1c3 a6 7. Na3 b5 8. Nd5 Nce7 9. Be3 {B32: Sicilian: Löwenthal and Kalashnikov Variations.} Nxd5 10. Qxd5 Be6 11. Qd2 {Black is slightly better.} Nf6 12. f3 d5 13. exd5 {[#]} (13. Nb1 $17) 13... Qxd5 $146 (13... Nxd5 $19 14. Nb1 Qc7) ({Predecessor:} 13... Nxd5 14. Nb1 Qc7 15. Bd3 Rd8 16. a3 f5 17. Qe2 Bd6 18. Nd2 O-O 19. Nb3 b4 {0-1 (51) Daliga,A (1703)-Muetsch,A (2048) Poprad 2016}) 14. Nb1 Qxd2+ (14... Qc6 {is interesting.} 15. Bd3 Nd5 16. Be4 f5 17. Bxd5 Bxd5 18. Nc3 Be6) 15. Nxd2 Nd5 16. Bf2 Nb4 17. Bd3 Rc8 18. Ke2 Nxc2 19. Rac1 Nb4 20. Rxc8+ Bxc8 21. Rc1 Be6 22. a3 Nxd3 23. Kxd3 Kd7 24. Bb6 Bd6 25. Ne4 Bf5 (25... Bc4+ $17 26. Ke3 Be7) 26. g4 $15 Bg6 27. Ke3 Bxe4 28. Kxe4 Rc8 29. Rxc8 Kxc8 $11 {[%mdl 4096] Endgame KB-KB} 30. Kd5 Kd7 31. Bc5 $2 {[%mdl 8192]} (31. Be3 $11 {and White stays safe.}) 31... Bc7 $2 (31... Bxc5 $19 32. Kxc5 h5 $1 {[%mdl 512]}) 32. Bf8 g6 33. h3 $1 f6 34. Bg7 Bd8 35. g5 (35. Bf8 $11) 35... f5 $1 $17 36. h4 Bb6 (36... e4 $5 37. fxe4 fxe4 $11) 37. Kxe5 Bf2 38. h5 Bg3+ 39. Kf6 gxh5 {aiming for ...h4.} 40. Kxf5 Kd6 41. Bc3 Kd5 42. b3 Bd6 43. Bb2 Bc5 44. Kf4 (44. a4 $1 $11 {was the only way to keep the balance.}) 44... Bf2 (44... Be7 $1 $17) 45. Bc3 $11 Bh4 46. Kf5 Bg3 47. Ba1 Bc7 (47... h4 $5 48. Kg4 $8 Be5 49. Bxe5 Kxe5 $11) 48. Bf6 Bd6 49. Bb2 Bf8 50. Kf4 (50. a4 $11 {keeps the balance.}) 50... Be7 $1 $17 51. Kf5 Bd6 (51... h4 $15 52. Kg4 Bxg5 $1 {[%mdl 576] Promotion}) 52. Bf6 Bxa3 {...a5 is the strong threat.} (52... h4 $5 53. Kg4 $8 Bxa3 $11) 53. g6 $1 {[%cal Rg6g7]} hxg6+ 54. Kxg6 {[#]} Ke6 ({Better is} 54... a5 $1 $17 {And now ...Bb2! would win.} 55. Kxh5 Bb4) 55. Bg5 $2 {[%mdl 8192]} (55. f4 $11) 55... Be7 $19 56. Bxe7 Kxe7 {K3P-KPP} 57. Kg7 Ke6 58. Kg6 h4 59. f4 h3 60. f5+ Ke5 $2 (60... Kd7 $19 61. f6 h2) 61. f6 $11 h2 62. f7 h1=Q 63. f8=Q {KQ-KQ} Qg2+ 64. Kh5 Qh3+ {[%mdl 64] Double Attack} 65. Kg5 Qg3+ 66. Kh5 {Black must now prevent Qb8+.} Qxb3 {Threatens to win with ...Qd5.} 67. Qh8+ Ke4 68. Qh7+ Kd4 69. Qg7+ Kc4 {( -> ...Qh3+)} 70. Qg4+ Kc5 {Hoping for ...Qd5+.} 71. Qc8+ Kb4 $2 {[%mdl 8192]} (71... Kd4 $11 72. Qxa6 Qd5+ 73. Kg4 b4 74. Qb6+ Kc3 75. Qe3+ Kc4 76. Qe2+ Kc5 77. Qe7+ Kc4 78. Qe2+ Kc5 79. Qe7+ Kb5 80. Qe8+ Ka5) 72. Qxa6 Qc4 $2 {[%mdl 8192]} (72... Qd5+ $11 73. Kg4 Kb3) 73. Kg5 $2 {[%mdl 8192]} (73. Qb7 $11) 73... Kb3 $2 {[%mdl 8192]} (73... Qd5+ $11 74. Kf6 Kb3) 74. Qa1 $2 {[%mdl 8192]} (74. Qb6 $11) 74... b4 75. Kf5 $2 {[%mdl 8192]} (75. Qe5 $11 Ka4 76. Qa1+ Kb5 77. Qd1) 75... Qc3 $2 {[%mdl 8192]} (75... Qd3+ $11 76. Ke6 Qc4+ 77. Ke7 Kc2 78. Qa4+ Kc3 79. Qa1+ Kc2 80. Qa4+ Kb2) 76. Qb1+ Kc4 77. Ke4 $2 {[%mdl 8192]} (77. Qe4+ $11 Qd4 78. Qc2+ Kb5 79. Qe2+ Kc5 80. Qc2+ Qc4 81. Qf2+ Kc6 82. Qb2) 77... Qd4+ {[%mdl 32768] Accuracy: White = 71%, Black = 81%. . Loss on time!?} 1-0

[Event "Anderssen Memorial Open-A 2020"]
[Site "Wroclaw"]
[Date "2020.08.02"]
[Round "2.15"]
[White "Krawiec, Grzegorz"]
[Black "Golecki, Jan"]
[Result "0-1"]
[WhiteElo "1812"]
[BlackElo "2106"]
[Annotator "TA"]
[PlyCount "90"]
[EventDate "2020.08.01"]
[EventType "swiss"]
[EventCountry "POL"]
[SourceTitle "playchess.com"]
[Source "ChessBase"]
[SourceQuality "1"]

{[%evp 10,90,18,0,9,-19,-8,-2,-2,-30,-35,-52,0,-10,0,0,0,-14,-11,-18,0,-34,0,-29,-33,-32,-29,-44,-32,-58,-65,-72,-72,-168,-157,-157,-161,-160,-162,-165,-169,-149,-156,-225,-216,-206,-208,-236,-201,-218,-223,-270,-271,-319,-325,-317,-313,-324,-291,-353,-341,-468,-429,-612,-604,-708,-700,-698,-688,-673,-670,-2405,-2124,-29987,-29988,-29988,-29988,-29990,-29991,-29993,-29994,-29994,-29992]} 1. e4 c5 2. Nf3 e6 3. d4 cxd4 4. Nxd4 Nf6 5. Nc3 Nc6 6. Bf4 Bb4 {B45: Sicilian Four Knights.} 7. Qd3 d5 {[#]} 8. exd5 $146 ({Predecessor:} 8. Nxc6 bxc6 9. O-O-O Qa5 10. exd5 exd5 11. f3 O-O 12. Kb1 Be6 13. Ne2 d4 14. Nc1 Nd5 15. Bd2 c5 16. Qa6 Bxd2 {0-1 (16) Ballester de Miguel,M (2009)-Cifuentes Parada,R (2458) San Sebastian 2014}) 8... Nxd5 {The position is equal.} 9. Nxc6 bxc6 10. Bd2 Nxc3 (10... O-O $15) 11. Bxc3 Qa5 12. Qd4 Bxc3+ 13. Qxc3 Qxc3+ 14. bxc3 Rb8 15. O-O-O Ke7 16. Rd2 c5 17. Bc4 Bb7 18. f3 Bc6 19. Rhd1 Rb6 20. Re2 Rhb8 {Hoping for ...Rb1+. Black keeps a firm grip on the game.} 21. Re5 (21. Rde1 $17 {was necessary.}) 21... Rb1+ $19 22. Kd2 Rd8+ 23. Bd3 Rxd1+ 24. Kxd1 $17 {[%mdl 4096] Endgame KRB-KRB} c4 $1 {[%cal Rc4d3][%mdl 64] Pin} 25. Rc5 {[#]} Bd5 $1 ({But not} 25... cxd3 $6 26. Rxc6 dxc2+ 27. Kxc2 $11) 26. Be2 (26. Bf1 $17) 26... Bxf3+ $1 $19 27. Ke1 Bxg2 28. Rxc4 Bd5 29. Ra4 Rd7 30. Bb5 Rc7 31. c4 Be4 32. Kd2 f5 33. Ra3 Kd6 34. Rh3 h6 35. c3 {[#]} a6 $1 {[%mdl 512]} 36. Bxa6 (36. c5+ $142 Kxc5 37. Ba4) 36... Ra7 37. Bb5 Rxa2+ 38. Ke1 f4 39. Rh4 e5 40. Rg4 g5 41. h4 Bf3 {Black mates.} 42. Rg1 g4 43. Be8 e4 44. Bf7 Kc5 45. Bd5 g3 {Accuracy: White = 42%, Black = 90%.} 0-1

[Event "Anderssen Memorial Open-A 2020"]
[Site "Wroclaw"]
[Date "2020.08.02"]
[Round "3.1"]
[White "Zwahr, Paul"]
[Black "Cukrowski, Filip"]
[Result "1/2-1/2"]
[WhiteElo "2277"]
[BlackElo "2419"]
[Annotator "TA"]
[PlyCount "42"]
[EventDate "2020.08.01"]
[EventType "swiss"]
[EventCountry "POL"]
[SourceTitle "playchess.com"]
[Source "ChessBase"]
[SourceQuality "1"]

{[%evp 23,42,42,33,25,52,58,60,57,71,35,54,39,42,31,25,38,35,0,27,0,29]} 1. e4 c5 2. Nf3 d6 3. d4 cxd4 4. Nxd4 Nf6 5. Nc3 a6 6. Be3 e5 7. Nb3 Be7 8. f3 O-O 9. Qd2 Be6 10. O-O-O a5 11. a4 Na6 12. g4 Nb4 13. Kb1 {B90: Sicilian Najdorf: Unusual White 6th moves, 6 Be3 Ng4 and 6 Be3 e5.} Qc8 14. g5 Nh5 15. Rg1 {White is slightly better.} f5 {[#]} 16. gxf6 $146 ({Predecessor:} 16. g6 fxe4 17. gxh7+ Kh8 18. fxe4 Nf4 19. Nc1 Qe8 20. N1e2 {½-½ (20) Kalezic,B (2445)-Kovacevic,A (2575) Cetinje 2009}) 16... Nxf6 17. Qg2 {[%csl Gg1][%cal Rg2g7] [#]} Rf7 18. Bg5 Ng4 19. Bc1 ({Of course not} 19. Bxe7 Ne3 $15) 19... Nf6 20. Bg5 Ng4 21. Bc1 ({Much worse is} 21. Bxe7 Ne3 $15) 21... Nf6 {Accuracy: White = 90%, Black = 89%.} 1/2-1/2

[Event "Anderssen Memorial Open-A 2020"]
[Site "Wroclaw"]
[Date "2020.08.02"]
[Round "3.2"]
[White "Kopylov, Michael"]
[Black "Sieciechowicz, Marcin"]
[Result "1/2-1/2"]
[WhiteElo "2407"]
[BlackElo "2372"]
[Annotator "TA"]
[PlyCount "35"]
[EventDate "2020.08.01"]
[EventType "swiss"]
[EventCountry "POL"]
[SourceTitle "playchess.com"]
[Source "ChessBase"]
[SourceQuality "1"]

{[%evp 11,14,16,14,20,14]} 1. d4 Nf6 2. c4 g6 3. g3 c6 4. Bg2 d5 5. cxd5 cxd5 6. Nf3 Bg7 7. Ne5 {D79: Fianchetto Grünfeld: Symmetrical Variation (6 0-0 c6 7 cxd5 cxd5).} O-O {[#] A rather calm draw.} {Predecessor:} 8. Nc3 $146 Bf5 9. O-O Ne4 10. Bf4 Nxc3 11. bxc3 Nc6 12. Nxc6 bxc6 13. Qa4 e6 14. Qxc6 Rc8 15. Qa4 Rxc3 16. Rfc1 Rxc1+ 17. Rxc1 Qb6 18. e3 {½-½ (39) Ding,L (2812)-Carlsen,M (2845) Shamkir 2019} 1/2-1/2

[Event "Anderssen Memorial Open-A 2020"]
[Site "Wroclaw"]
[Date "2020.08.02"]
[Round "3.3"]
[White "Barski, Radoslaw"]
[Black "Kopylov, Daniel"]
[Result "1-0"]
[WhiteElo "2444"]
[BlackElo "2348"]
[Annotator "TA"]
[PlyCount "101"]
[EventDate "2020.08.01"]
[EventType "swiss"]
[EventCountry "POL"]
[SourceTitle "playchess.com"]
[Source "ChessBase"]
[SourceQuality "1"]

{[%evp 18,101,20,0,8,0,0,0,48,43,62,66,94,54,133,128,141,50,99,101,108,68,64,50,102,70,75,50,45,35,37,36,42,43,64,65,40,0,15,0,0,-16,0,0,0,0,0,0,0,0,0,0,0,0,0,0,0,0,0,0,0,-11,-11,-6,238,237,222,211,218,209,400,406,12829,12828,1355,1103,12833,12833,12832,12832,12840,12840,12841,12841,12842,12842]} 1. d4 Nf6 2. c4 g6 3. Nc3 d5 4. cxd5 Nxd5 5. e4 Nxc3 6. bxc3 Bg7 7. Bc4 c5 8. Ne2 Nc6 9. Be3 O-O 10. h4 Qa5 {D87: Exchange Grünfeld: Classical Line: Variations without ...cxd4.} 11. O-O $1 {[%mdl 4] is more profitable than 11.Kf1 at the moment.} cxd4 12. cxd4 {[#]} Qa3 $146 {The position is equal.} ({Predecessor:} 12... Qh5 13. f3 Qxh4 14. Qd2 Rd8 15. Rad1 Qf6 16. e5 Qf5 17. Ng3 Qd7 18. f4 Qg4 {0-1 (54) Gledura,B (2626)-Wei,Y (2732) chess.com INT 2020}) 13. Qc1 Qd6 {[%cal Rc6d4]} 14. e5 Qc7 15. Bb3 Bg4 (15... Qd8 $14) 16. f3 $16 Bf5 17. Ng3 ({White should play} 17. d5 $16) 17... Bd3 18. Rd1 Ba6 19. Qc2 Rac8 20. Rac1 Qb8 ({Black should try} 20... Qd8 $14) 21. Qe4 Na5 $1 22. Rxc8 Qxc8 23. Rc1 Qb8 24. h5 {Strongly threatening hxg6.} Nxb3 25. axb3 Rc8 26. Rd1 b6 27. h6 Bb7 28. Qg4 Bf8 29. e6 $1 Rc3 30. Bf4 Qc8 {Threatens to win with ...f6.} 31. d5 Qc5+ 32. Kh2 {[#] aiming for exf7+.} Bxd5 33. exf7+ Kxf7 34. Be5 Rc2 {Hoping for ...Rxg2+!} 35. Qf4+ Kg8 {White must now prevent ...Qf2!} 36. Ne4 Bxe4 $1 37. Rd8 {[%csl Gf4][%cal Rd8f8]} Bf5 38. Bg7 $1 $40 {[%csl Gg7][%cal Rd8f8][%mdl 128] White mounts an attack.} Kf7 $1 ({Avoid the trap} 38... e5 $2 39. Qg5 $18) 39. Rxf8+ Ke6 40. Rh8 {next Bd4 is good for White.} Rc1 $2 {A mistake that costs the game.} (40... Re2 $11) 41. Bd4 $18 Qd6 42. Qxd6+ Kxd6 43. Rxh7 {[%mdl 4096] Endgame KRB-KRB} g5 $2 (43... Rc8 {was called for.} 44. Kg3 Rg8) 44. Rf7 Ke6 {[#]} (44... Bd3 $142 45. h7 Bxh7) 45. Rxf5 $1 {[%mdl 576] Remove Defender, Promotion. White is clearly winning.} Kxf5 {KR-KB} 46. h7 Rc8 47. h8=Q Rxh8+ 48. Bxh8 e5 49. Kg3 a5 50. Kf2 b5 51. Ke3 {Accuracy: White = 75%, Black = 56%.} 1-0

[Event "Anderssen Memorial Open-A 2020"]
[Site "Wroclaw"]
[Date "2020.08.02"]
[Round "3.4"]
[White "Nguyen, Alex Dac-Vuong"]
[Black "Chmiel, Marcin"]
[Result "1/2-1/2"]
[WhiteElo "2366"]
[BlackElo "2267"]
[Annotator "TA"]
[PlyCount "79"]
[EventDate "2020.08.01"]
[EventType "swiss"]
[EventCountry "POL"]
[SourceTitle "playchess.com"]
[Source "ChessBase"]
[SourceQuality "1"]

{[%evp 20,79,6,6,10,5,0,0,105,22,25,20,22,22,29,29,25,22,32,32,32,24,37,28,56,46,43,51,45,57,75,75,75,69,92,96,82,80,106,105,111,117,289,265,264,281,176,0,0,0,0,0,0,0,0,0,0,0,0,0,0,0]} 1. c4 c6 2. e4 d5 3. exd5 cxd5 4. d4 Nf6 5. Nc3 Nc6 6. Bg5 dxc4 7. Bxc4 h6 8. Bh4 e6 9. Nf3 Be7 10. O-O O-O 11. a3 Nd5 {E57: Nimzo-Indian: Rubinstein: Main Line: 7...Nc6 8 a3 dxc4 9 Bxc4 cxd4.} 12. Bxd5 exd5 13. Bxe7 {[#]} Qxe7 $146 (13... Nxe7 $11 14. Re1 Be6) ({Predecessor:} 13... Nxe7 14. Qb3 Qb6 15. Qxb6 axb6 16. Rfe1 Be6 17. Nb5 Rfc8 18. Rac1 Rxc1 19. Rxc1 {½-½ (33) Ernst,S (2587)-Kempinski,R (2615) Hoogeveen 2010}) 14. Re1 (14. Nxd5 $16 Qd6 15. Ne3) 14... Qd6 15. Ne5 Be6 16. Nb5 Qd8 17. Nxc6 bxc6 18. Nc3 {[%cal Bb5c3,Bc3a4,Ba4c5][%mdl 32]} Qh4 19. Na4 Rae8 20. Qd2 Bf5 21. Nc5 Be4 22. f3 Bf5 23. Re3 Rxe3 24. Qxe3 a5 25. Re1 Rb8 26. Re2 f6 27. g4 Bg6 28. Qe6+ {[%mdl 64] Double Attack} Kh7 {Strongly threatening ...Re8.} 29. Qxc6 h5 {[#]} 30. Qc7 $1 {[%cal Rc7b8]} ({Of course not} 30. Qxd5 $6 hxg4 31. f4 g3 $11) 30... hxg4 $2 (30... Rg8 $16) 31. Qxb8 $18 gxf3 32. Rf2 {Threatens to win with Qg3!} Qxd4 33. Nb3 $2 (33. Qc8 $18) 33... Qd1+ $1 $11 {The position is equal.} 34. Rf1 Qe2 {[%csl Gf3][%cal Re2g2]} 35. Qg3 $1 {[%cal Rg3f3]} Qe3+ {[%mdl 64] [#] Double Attack} 36. Rf2 Qe1+ 37. Rf1 Qe3+ {[%mdl 64] Double Attack} 38. Rf2 Qe1+ 39. Rf1 Qe3+ 40. Rf2 {Accuracy: White = 86%, Black = 81%.} 1/2-1/2

[Event "Anderssen Memorial Open-A 2020"]
[Site "Wroclaw"]
[Date "2020.08.02"]
[Round "3.4"]
[White "Nguyen, Alex Dac-Vuong"]
[Black "Chmiel, Marcin"]
[Result "*"]
[WhiteElo "2366"]
[BlackElo "2267"]
[Annotator "RC"]
[PlyCount "49"]
[EventDate "2020.08.01"]
[EventType "swiss"]
[EventCountry "POL"]
[SourceTitle "playchess.com"]
[Source "ChessBase"]
[SourceQuality "1"]
[TimeControl "40/5400+15:1800+30"]

1. c4 {[%emt 0:00:00]} c6 {[%emt 0:00:00]} 2. e4 {[%emt 0:00:00]} d5 {[%emt 0:00:00]} 3. exd5 {[%emt 0:00:00]} cxd5 {[%emt 0:00:00]} 4. d4 {[%emt 0:00:00]} Nf6 {[%emt 0:00:00]} 5. Nc3 {[%emt 0:00:00]} Nc6 {[%emt 0:00:00]} 6. Bg5 {[%emt 0:00:00]} dxc4 {[%emt 0:00:00]} 7. Bxc4 {[%emt 0:00:00]} h6 {[%emt 0:01:12]} 8. Bh4 {[%emt 0:00:00]} e6 {[%emt 0:02:01]} 9. Nf3 {[%emt 0:00:00]} Be7 {[%emt 0:00:03]} 10. O-O {[%emt 0:00:19]} O-O {[%emt 0:00:00]} 11. a3 {[%emt 0:02:29]} Nd5 {[%emt 0:02:06]} 12. Bxd5 {[%emt 0:01:24]} exd5 {[%emt 0:03:34]} 13. Bxe7 {[%emt 0:00:07]} Qxe7 {[%emt 0:02:28]} 14. Re1 {[%emt 0:15:30]} Qd6 {[%emt 0:05:23]} 15. Ne5 {[%emt 0:01:18]} Be6 {[%emt 0:02:45]} 16. Nb5 {[%emt 0:16:38]} Qd8 {[%emt 0:00:41]} 17. Nxc6 {[%emt 0:00:55]} bxc6 {[%emt 0:00:00]} 18. Nc3 {[%emt 0:00:00]} Qh4 {[%emt 0:04:40]} 19. Na4 {[%emt 0:06:13]} Rae8 {[%emt 0:05:00]} 20. Qd2 {[%emt 0:04:45]} Bf5 {[%emt 0:10:16]} 21. Nc5 {[%emt 0:01:03]} Be4 {[%emt 0:05:45]} 22. f3 {[%emt 0:14:48]} Bf5 {[%emt 0:01:13]} 23. Re3 {[%emt 0:01:22]} Re7 24. Re4 Rxe4 {[%emt 0:09:06]} 25. Qe3 {[%emt 0:00:10]} *

[Event "Anderssen Memorial Open-A 2020"]
[Site "Wroclaw"]
[Date "2020.08.02"]
[Round "3.5"]
[White "Wong, Gengchun"]
[Black "Piekielny, Pawel"]
[Result "1/2-1/2"]
[WhiteElo "2190"]
[BlackElo "2099"]
[Annotator "RC"]
[PlyCount "120"]
[EventDate "2020.08.01"]
[EventType "swiss"]
[EventCountry "POL"]
[SourceTitle "playchess.com"]
[Source "ChessBase"]
[SourceQuality "1"]
[TimeControl "40/5400+15:1800+30"]

1. e4 {[%emt 0:00:00]} e6 {[%emt 0:00:00]} 2. d4 {[%emt 0:00:00]} d5 {[%emt 0:00:00]} 3. Nd2 {[%emt 0:00:00]} Be7 {[%emt 0:00:00]} 4. Bd3 {[%emt 0:00:00]} c5 {[%emt 0:00:16]} 5. dxc5 {[%emt 0:00:00]} Nf6 {[%emt 0:00:09]} 6. Qe2 {[%emt 0:01:27]} Nc6 {[%emt 0:03:31]} 7. Ngf3 {[%emt 0:00:42]} O-O {[%emt 0:01:03]} 8. O-O {[%emt 0:01:26]} Bxc5 {[%emt 0:04:18]} 9. c3 {[%emt 0:03:43]} Be7 {[%emt 0:02:33]} 10. Re1 {[%emt 0:02:16]} a6 {[%emt 0:07:03]} 11. e5 {[%emt 0:07:43]} Nd7 {[%emt 0:00:00]} 12. Nb3 {[%emt 0:00:12]} Nb6 {[%emt 0:03:16]} 13. Bf4 {[%emt 0:01:29]} Bd7 {[%emt 0:00:51]} 14. Rad1 {[%emt 0:02:02]} Rc8 {[%emt 0:01:03]} 15. Qc2 {[%emt 0:00:54]} g6 {[%emt 0:05:00]} 16. Qd2 {[%emt 0:00:00]} Na7 {[%emt 0:06:38]} 17. Bh6 {[%emt 0:05:00]} Bb5 {[%emt 0:03:27]} 18. Bxf8 {[%emt 0:00:22]} Bxf8 {[%emt 0:00:13]} 19. Qf4 {[%emt 0:07:35]} Bxd3 {[%emt 0:02:09]} 20. Rxd3 {[%emt 0:00:00]} Nc4 {[%emt 0:00:11]} 21. Ng5 {[%emt 0:07:27]} Qe8 {[%emt 0:00:13]} 22. Rf3 {[%emt 0:18:27]} Rc7 {[%emt 0:00:48]} 23. Nd4 {[%emt 0:00:24]} Bg7 {[%emt 0:01:11]} 24. b3 {[%emt 0:01:19]} Na3 {[%emt 0:00:23]} 25. Rd3 {[%emt 0:16:39]} Qc8 {[%emt 0:03:33]} 26. Qh4 {[%emt 0:08:01]} h6 {[%emt 0:05:34]} 27. Ngxe6 {[%emt 0:00:38]} Rxc3 {[%emt 0:10:13]} 28. Nf4 {[%emt 0:06:00]} Rxd3 {[%emt 0:15:02]} 29. Nxd3 {[%emt 0:00:00]} Qc3 {[%emt 0:00:02]} 30. Re3 {[%emt 0:02:00]} Qa1+ {[%emt 0:09:10]} 31. Re1 {[%emt 0:00:28]} Qc3 {[%emt 0:00:00]} 32. Re3 {[%emt 0:00:00]} Qa1+ {[%emt 0:00:00]} 33. Ne1 {[%emt 0:00:00]} Nc6 {[%emt 0:00:34]} 34. Nxc6 {[%emt 0:00:47]} bxc6 {[%emt 0:00:00]} 35. Qd8+ {[%emt 0:00:09]} Kh7 {[%emt 0:00:00]} 36. Kf1 {[%emt 0:00:32]} Nc2 {[%emt 0:01:48]} 37. Re2 {[%emt 0:00:00]} Nd4 {[%emt 0:00:52]} 38. Re3 {[%emt 0:00:18]} Nc2 {[%emt 0:00:26]} 39. Re2 {[%emt 0:00:00]} Nd4 {[%emt 0:00:00]} 40. Rd2 {[%emt 0:00:00]} Ne6 {[%emt 0:00:00]} 41. Qd7 {[%emt 0:17:39]} Qxe5 {[%emt 0:20:39]} 42. Qxf7 {[%emt 0:05:12]} Ng5 {[%emt 0:01:49]} 43. Qd7 {[%emt 0:01:33]} Ne4 {[%emt 0:01:39]} 44. Rc2 {[%emt 0:02:03]} Qxh2 {[%emt 0:03:25]} 45. Qxc6 {[%emt 0:00:47]} Qh1+ {[%emt 0:01:57]} 46. Ke2 {[%emt 0:00:01]} Qg1 {[%emt 0:02:31]} 47. Qxd5 {[%emt 0:05:12]} Qxf2+ {[%emt 0:01:34]} 48. Kd3 {[%emt 0:00:18]} Qxe1 {[%emt 0:03:15]} 49. Qxe4 {[%emt 0:00:05]} Qd1+ {[%emt 0:01:00]} 50. Ke3 {[%emt 0:01:38]} Qe1+ {[%emt 0:02:31]} 51. Kf3 {[%emt 0:00:16]} Qd1+ {[%emt 0:01:07]} 52. Re2 {[%emt 0:01:16]} Qf1+ {[%emt 0:01:55]} 53. Kg3 {[%emt 0:00:05]} Qf6 {[%emt 0:00:14]} 54. Qe6 {[%emt 0:01:28]} Qg5+ {[%emt 0:00:13]} 55. Qg4 {[%emt 0:00:18]} Qd5 {[%emt 0:01:19]} 56. Re6 {[%emt 0:00:36]} Be5+ {[%emt 0:00:39]} 57. Kh3 {[%emt 0:00:57]} Qd3+ {[%emt 0:00:17]} 58. Qf3 {[%emt 0:00:46]} Qd7 {[%emt 0:00:01]} 59. Qg4 {[%emt 0:00:21]} Qd3+ {[%emt 0:00:04]} 60. Qf3 {[%emt 0:00:43]} Qd7 {[%emt 0:00:06]} 1/2-1/2